| 000 | 00450cam a2200169ua 4500 | ||
|---|---|---|---|
| 003 | OSt | ||
| 005 | 20260213113532.0 | ||
| 008 | 260213b |||||||| |||| 00| 0 eng d | ||
| 020 | _a81-85046-38-7 | ||
| 041 | _aeng | ||
| 082 |
_a028.72624 _bSCI/SO |
||
| 245 | _aSoil dynamics, deep stabilization and special geotechnical construction / | ||
| 250 | _a1 / | ||
| 260 |
_aJodhpur : _bScientific Publishers , _c1986. |
||
| 300 | _a102 ; . | ||
| 942 | _cBK | ||
| 999 |
_c5563 _d5563 |
||